MARC

LEADER 00000nam0a2200000 4500
001 268105
005 20231101234134.0
035 |a (RuTPU)RU\TPU\book\291232 
090 |a 268105 
100 |a 20140827d1987 k y0rusy50 ca 
101 0 |a rus 
102 |a RU 
105 |a a z 001zy 
200 1 |a Основы палеоботаники  |f С. В. Мейен 
210 |a Москва  |c Недра  |d 1987 
215 |a 403 с.  |c ил. 
320 |a Библиогр.: с. 380-381. 
320 |a Указатель латинских названий: с. 385-401. 
606 1 |a Палеоботаника  |2 stltpush  |3 (RuTPU)RU\TPU\subj\47946  |9 66843 
610 1 |a ископаемые растения 
610 1 |a сохранность 
610 1 |a изучение 
610 1 |a систематика 
610 1 |a палеопалинология 
610 1 |a палеофлористика 
675 |a 561  |v 3 
700 1 |a Мейен  |b С. В.  |g Сергей Викторович 
801 1 |a RU  |b 63413507  |c 20140827 
801 2 |a RU  |b 63413507  |c 20151124  |g RCR 
942 |c BK